Statystyki dla La Liga Santander 2022/23

Kliknij tutaj aby rozwiązać quiz!

Ogólne statystyki

  • Ten quiz został rozwiązany 92 razy
  • Średni wynik to 15 z 20

Statystyki odpowiedzi

Lp.Drużyna% Poprawnych
15Real Madryt
100%
4FC Barcelona
99%
3Atletico Madryt
93%
18Sevilla FC
93%
19Valencia CF
90%
2Athletic Bilbao
89%
14Real Betis
88%
16Real Sociedad
86%
11RCD Mallorca
75%
8RCD Espanyol
69%
20Villarreal CF
66%
12CA Osasuna
65%
9Getafe CF
65%
5Cadiz CF
63%
6Celta Vigo
63%
10Girona FC
63%
13Rayo Vallecano
60%
1UD Almeria
60%
7Elche CF
58%
17Real Valladolid
49%

Rozkład punktacji

Percentyl według liczby udzielonych odpowiedzi

Procent ludzi z każdym wynikiem

Twoja historia wyników

Nie rozwiązałeś tego quizu